00512nam a2200193 a 4500001001300000003000900013005001700022008004100039020000800080082001500088100001900103245002200122260003400144300000900178500003500187505006100222650001600283700001900299nice12345678IN_TiNIC20260116011259.0050524s1963 haga grp 000 0 eng  ac000a958.1bSPA aSpain, James W aPathan Borderland aHaguebMouton Publisherc1963 a293p aincludes index and biblioraphy2 aBibliographical Notes, Selected Bibliography, Index, Map aAfghanistan1 aSpain, James W